[Event "VIE-ch (Women)"]
[Site "Hanoi"]
[Date "2024.03.14"]
[Round "6"]
[White "Nguyen, Thi Thanh An"]
[Black "Thai, Ngoc Tuong Minh"]
[Result "1-0"]
[WhiteElo "2228"]
[BlackElo "1936"]
[PlyCount "119"]
[EventDate "2024.03.11"]
[EventType "swiss"]
[EventRounds "9"]
[EventCountry "VIE"]
[SourceTitle "CB13_2024"]
[SourceDate "2024.03.27"]
[SourceVersion "1"]
[SourceVersionDate "2024.03.27"]
[SourceQuality "1"]

1. d4 d5 2. c4 e6 3. Nf3 c6 4. e3 Nf6 5. Nbd2 Nbd7 6. Bd3 Bd6 7. e4 dxe4 8. Nxe4 Nxe4 9. Bxe4 Nf6 10. Bc2 h6 11. 0-0 0-0 12. b3 b6 13. Bb2 Bb7 14. Qd3 Re8 15. Rfe1 Qe7 16. a4 Rad8 17. Re3 Qc7 18. Rae1 Bf4 19. R3e2 Ba6 20. g3 Bd6 21. d5 e5 22. Nxe5 cxd5 23. Ng4 Ne4 24. Qd4 f5 25. Qxd5+ Qf7 26. Qxf7+ Kxf7 27. f3 Bc5+ 28. Kg2 Bb4 29. Ne5+ Rxe5 30. Bxe5 Bxe1 31. fxe4 Bb7 32. Kf1 Bb4 33. exf5 Bc5 34. Bc3 Bf3 35. Rd2 Rxd2 36. Bxd2 Bd4 37. a5 bxa5 38. Bxa5 Kf6 39. Bc7 Bg4 40. Kg2 Bxf5 41. Bxf5 Kxf5 42. Kf3 h5 43. h3 Bc5 44. g4+ hxg4+ 45. hxg4+ Ke6 46. Ke4 g6 47. Ba5 Be7 48. Bc3 a6 49. b4 Kd6 50. b5 Kc7 51. bxa6 Kb6 52. Kd5 Kxa6 53. Kc6 Bg5 54. Be5 Be3 55. Bd6 g5 56. c5 Bd4 57. Kd7 Kb5 58. c6 Bb6 59. Be7 Kc4 60. Bxg5 1-0

[Event "Asian Games tt (Women)"]
[Site "Hangzhou"]
[Date "2023.10.04"]
[Round "6.3"]
[White "Nguyen, Thi Thanh An"]
[Black "Tan, Zhongyi"]
[Result "1/2-1/2"]
[WhiteElo "2249"]
[BlackElo "2517"]
[PlyCount "52"]
[EventDate "2023.09.29"]
[EventType "team-tourn"]
[EventRounds "9"]
[EventCountry "CHN"]
[SourceTitle "EXT 2024"]
[Source "ChessBase"]
[SourceDate "2023.10.10"]
[SourceVersion "1"]
[SourceVersionDate "2023.10.10"]
[SourceQuality "1"]
[WhiteTeam "Vietnam (W)"]
[BlackTeam "China (W)"]
[WhiteTeamCountry "VIE"]
[BlackTeamCountry "CHN"]

1. d4 d5 2. c4 e6 3. Nc3 Nf6 4. cxd5 exd5 5. Bg5 c6 6. e3 h6 7. Bh4 Be7 8. Bd3 Ne4 9. Bxe7 Qxe7 10. Nge2 0-0 11. Bxe4 dxe4 12. Ng3 f5 13. 0-0 Be6 14. f3 exf3 15. Rxf3 Na6 16. Qd2 Rae8 17. Raf1 Nc7 18. Nh5 Qf7 19. Ng3 Qe7 20. Nh5 Qf7 21. Ng3 Qd7 22. Qf2 Bc4 23. Re1 Be6 24. Rf1 Bc4 25. Re1 Be6 26. Rf1 Bc4 1/2-1/2

[Event "Asian Games tt (Women)"]
[Site "Hangzhou"]
[Date "2023.09.29"]
[Round "1.18"]
[White "Prommuang, Araya"]
[Black "Nguyen, Thi Thanh An"]
[Result "0-1"]
[WhiteElo "1577"]
[BlackElo "2249"]
[PlyCount "82"]
[EventDate "2023.09.29"]
[EventType "team-tourn"]
[EventRounds "9"]
[EventCountry "CHN"]
[SourceTitle "EXT 2024"]
[Source "ChessBase"]
[SourceDate "2023.10.10"]
[SourceVersion "1"]
[SourceVersionDate "2023.10.10"]
[SourceQuality "1"]
[WhiteTeam "Thailand (W)"]
[BlackTeam "Vietnam (W)"]
[WhiteTeamCountry "THA"]
[BlackTeamCountry "VIE"]

1. e4 c6 2. Nc3 d5 3. Nf3 Bg4 4. d4 e6 5. h3 Bxf3 6. Qxf3 Nf6 7. Bd3 dxe4 8. Nxe4 Qxd4 9. c3 Qd8 10. Bg5 Nbd7 11. 0-0-0 Be7 12. Bxf6 gxf6 13. Bc2 Qc7 14. g4 0-0-0 15. Qg3 Ne5 16. f4 Ng6 17. Rxd8+ Rxd8 18. f5 Nf4 19. Qf3 e5 20. h4 h6 21. g5 Qa5 22. Bb3 Rd3 23. Qf2 hxg5 24. hxg5 Rxc3+ 25. Kb1 Rh3 26. Rd1 Qb4 27. Bc2 Nd5 28. g6 Bf8 29. Rg1 Re3 30. Nxf6 Nc3+ 31. Ka1 Re2 32. Qxe2 Nxe2 33. g7 Bxg7 34. a3 Qd2 35. Rxg7 Qxc2 36. Rg2 Qxf5 37. Rg8+ Kc7 38. Ne8+ Kd7 39. Ka2 Nc1+ 40. Ka1 Nb3+ 41. Ka2 Nd2 0-1

[Event "VIE-ch (Women)"]
[Site "Ha Tien"]
[Date "2023.09.16"]
[Round "8"]
[White "Nguyen, Thi Thanh An"]
[Black "Nguyen, Thanh Thuy Tien"]
[Result "0-1"]
[WhiteElo "2249"]
[BlackElo "2034"]
[PlyCount "50"]
[EventDate "2023.09.13"]
[EventType "swiss"]
[EventRounds "9"]
[EventCountry "VIE"]
[SourceTitle "EXT 2024"]
[Source "ChessBase"]
[SourceDate "2023.10.10"]
[SourceVersion "1"]
[SourceVersionDate "2023.10.10"]
[SourceQuality "1"]

1. e4 c5 2. Nc3 Nc6 3. Nf3 g6 4. d4 cxd4 5. Nxd4 Bg7 6. Nxc6 bxc6 7. Bd2 d6 8. Bd3 Nf6 9. 0-0 0-0 10. f4 Ng4 11. Kh1 Bd4 12. Qe2 Qb6 13. Nd1 Rb8 14. c3 Bg7 15. h3 Nf6 16. Be3 c5 17. b4 Bb7 18. f5 e6 19. fxg6 fxg6 20. e5 Nh5 21. Rxf8+ Rxf8 22. Qg4 Bxe5 23. Qxe6+ Kh8 24. bxc5 Ng3+ 25. Kg1 Qc6 0-1

[Event "VIE-ch (Women)"]
[Site "Ha Tien"]
[Date "2023.09.14"]
[Round "4"]
[White "Bach, Ngoc Thuy Duong"]
[Black "Nguyen, Thi Thanh An"]
[Result "1/2-1/2"]
[WhiteElo "2228"]
[BlackElo "2249"]
[PlyCount "97"]
[EventDate "2023.09.13"]
[EventType "swiss"]
[EventRounds "9"]
[EventCountry "VIE"]
[SourceTitle "EXT 2024"]
[Source "ChessBase"]
[SourceDate "2023.10.10"]
[SourceVersion "1"]
[SourceVersionDate "2023.10.10"]
[SourceQuality "1"]

1. d4 d5 2. c4 e6 3. Nc3 Be7 4. cxd5 exd5 5. Bf4 c6 6. Qc2 g6 7. e3 Bf5 8. Bd3 Bxd3 9. Qxd3 Nf6 10. Nge2 Nbd7 11. f3 Nh5 12. Bh6 Bg5 13. Bxg5 Qxg5 14. 0-0 0-0 15. e4 Nb6 16. Rae1 Rad8 17. f4 Qh4 18. g3 Qg4 19. e5 Ng7 20. Nd1 Qc8 21. Ne3 f5 22. Rc1 Na8 23. b4 a6 24. a4 Nc7 25. Rc2 Qe6 26. Nc1 Qe7 27. Qb3 Nge6 28. Qb2 Rf7 29. Nd3 Qf8 30. Rg2 Ng7 31. Rc1 Nge6 32. Kh1 Kh8 33. Rf1 Rb8 34. Rgf2 Qe7 35. Qc3 Rbf8 36. h4 Ng7 37. Nc5 Nce6 38. Nxe6 Qxe6 39. Rb1 Rc8 40. Qb3 Rfc7 41. Rc2 Qe8 42. Qd3 Qf7 43. b5 axb5 44. axb5 Ne6 45. bxc6 bxc6 46. Rh2 Qe8 47. Rhb2 h5 48. Nd1 Qe7 49. Nc3 1/2-1/2

[Event "Asia zt 3.3 (Women)"]
[Site "Jakarta"]
[Date "2023.05.11"]
[Round "8"]
[White "Munguntuul, Batkhuyag"]
[Black "Nguyen, Thi Thanh An"]
[Result "1/2-1/2"]
[WhiteElo "2408"]
[BlackElo "2252"]
[PlyCount "58"]
[EventDate "2023.05.06"]
[EventType "swiss"]
[EventRounds "9"]
[EventCountry "INA"]
[SourceTitle "CBM 214 Extra"]
[Source "ChessBase"]
[SourceDate "2023.07.31"]
[SourceVersion "1"]
[SourceVersionDate "2023.07.31"]
[SourceQuality "1"]

1. e4 c6 2. Nc3 d5 3. Nf3 Bg4 4. h3 Bxf3 5. Qxf3 Nf6 6. Be2 e6 7. 0-0 Be7 8. Rd1 d4 9. Nb1 0-0 10. d3 c5 11. a4 Nc6 12. Na3 Nd7 13. Qg3 Bh4 14. Qh2 Nb6 15. b3 Bg5 16. f4 Be7 17. Bd2 Qb8 18. Qg3 Nd7 19. Nc4 Qc7 20. Rf1 Nb6 21. Na3 Nd7 22. Rf3 a6 23. a5 b6 24. Nc4 Rae8 25. f5 Nce5 26. Bf4 Nxf3+ 27. Bxf3 Qc6 28. Bh6 Bf6 29. fxe6 Qxe6 1/2-1/2

[Event "Asia zt 3.3 (Women)"]
[Site "Jakarta"]
[Date "2023.05.09"]
[Round "5"]
[White "Nguyen, Thi Thanh An"]
[Black "Latifah, Laysa"]
[Result "1/2-1/2"]
[WhiteElo "2252"]
[BlackElo "2017"]
[PlyCount "65"]
[EventDate "2023.05.06"]
[EventType "swiss"]
[EventRounds "9"]
[EventCountry "INA"]
[SourceTitle "CBM 214 Extra"]
[Source "ChessBase"]
[SourceDate "2023.07.31"]
[SourceVersion "1"]
[SourceVersionDate "2023.07.31"]
[SourceQuality "1"]

1. d4 d5 2. c4 e6 3. Nc3 Be7 4. Nf3 Nf6 5. Bf4 0-0 6. e3 c5 7. dxc5 Bxc5 8. a3 Nc6 9. Qc2 Qe7 10. Bg5 h6 11. Bxf6 Qxf6 12. cxd5 Ne5 13. Be2 Bb6 14. 0-0 Rd8 15. Rad1 Bd7 16. Qe4 Nxf3+ 17. Qxf3 Qxf3 18. Bxf3 e5 19. d6 Rab8 20. Rd2 Kf8 21. b4 f5 22. Nd5 Bb5 23. Nc7 Rxd6 24. Rxd6 Bxc7 25. Rfd1 Bxd6 26. Rxd6 Bc4 27. g4 Ke7 28. Rd2 g6 29. h4 Be6 30. gxf5 gxf5 31. Kf1 e4 32. Bd1 Rc8 33. Rc2 1/2-1/2

[Event "VIE-chT (Women)"]
[Site "Hanoi"]
[Date "2023.04.20"]
[Round "5"]
[White "Dao, Thien Kim"]
[Black "Nguyen, Thi Thanh An"]
[Result "1/2-1/2"]
[WhiteElo "1703"]
[BlackElo "2252"]
[PlyCount "22"]
[EventDate "2023.04.18"]
[EventType "swiss"]
[EventRounds "9"]
[EventCountry "VIE"]
[SourceTitle "EXT 2024"]
[Source "ChessBase"]
[SourceDate "2023.10.10"]
[SourceVersion "1"]
[SourceVersionDate "2023.10.10"]
[SourceQuality "1"]

1. e4 g6 2. d4 Bg7 3. c3 c5 4. Nf3 cxd4 5. cxd4 Nf6 6. Nc3 d5 7. exd5 Nxd5 8. Bb5+ Nc6 9. Bxc6+ bxc6 10. 0-0 0-0 11. h3 Bf5 1/2-1/2

[Event "VIE-chT (Women)"]
[Site "Hanoi"]
[Date "2023.04.20"]
[Round "4"]
[White "Nguyen, Thi Thanh An"]
[Black "Nguyen, Ngoc Hien1111"]
[Result "1-0"]
[WhiteElo "2252"]
[BlackElo "1686"]
[PlyCount "61"]
[EventDate "2023.04.18"]
[EventType "swiss"]
[EventRounds "9"]
[EventCountry "VIE"]
[SourceTitle "EXT 2024"]
[Source "ChessBase"]
[SourceDate "2023.10.10"]
[SourceVersion "1"]
[SourceVersionDate "2023.10.10"]
[SourceQuality "1"]

1. d4 e6 2. c4 f5 3. Nc3 Nf6 4. Bf4 d6 5. e3 Nbd7 6. Nf3 h6 7. h3 g5 8. Bg3 Bg7 9. Qb3 Nb6 10. Rd1 0-0 11. c5 Nbd5 12. Bc4 Nxc3 13. Bxe6+ Bxe6 14. Qxe6+ Kh8 15. bxc3 f4 16. Bh2 Re8 17. Qb3 fxe3 18. fxe3 Rxe3+ 19. Kd2 Qe7 20. Rhe1 Re4 21. Kc1 g4 22. hxg4 Nxg4 23. cxd6 cxd6 24. Bxd6 Qe8 25. Qxb7 Nf2 26. Be5 Bxe5 27. Rxe4 Rb8 28. Rxe5 Qxe5 29. Nxe5 Rxb7 30. Rf1 Ne4 31. Kc2 1-0

[Event "VIE-ch (Women)"]
[Site "Vung Tau"]
[Date "2023.03.05"]
[Round "4"]
[White "Hoang, Thi Bao Tram"]
[Black "Nguyen, Thi Thanh An"]
[Result "1/2-1/2"]
[WhiteElo "2283"]
[BlackElo "2259"]
[PlyCount "34"]
[EventDate "2023.03.03"]
[EventType "swiss"]
[EventRounds "9"]
[EventCountry "VIE"]
[SourceTitle "EXT 2024"]
[Source "ChessBase"]
[SourceDate "2023.10.10"]
[SourceVersion "1"]
[SourceVersionDate "2023.10.10"]
[SourceQuality "1"]

1. Nf3 Nf6 2. c4 b6 3. Nc3 Bb7 4. d3 g6 5. e4 d6 6. g3 Bg7 7. Bg2 0-0 8. 0-0 c5 9. h3 Nc6 10. Be3 Rc8 11. Qd2 Re8 12. Nd5 Nd4 13. Nxf6+ Bxf6 14. Nxd4 cxd4 15. Bg5 Bxg5 16. Qxg5 e5 17. Qxd8 Rexd8 1/2-1/2

[Event "Hanoi op (Women)"]
[Site "Hanoi"]
[Date "2022.08.27"]
[Round "8"]
[White "Nguyen, Thi Thanh An"]
[Black "Nguyen, Thanh Thuy Tien"]
[Result "1-0"]
[WhiteElo "2259"]
[BlackElo "1923"]
[PlyCount "43"]
[EventDate "2022.08.20"]
[EventType "swiss"]
[EventRounds "9"]
[EventCountry "VIE"]
[SourceTitle "CBM 209 Extra"]
[Source "ChessBase"]
[SourceDate "2022.09.30"]
[SourceVersion "1"]
[SourceVersionDate "2022.09.30"]
[SourceQuality "1"]

1. e4 c5 2. Nf3 d6 3. d4 cxd4 4. Nxd4 Nf6 5. Nc3 Nc6 6. Bg5 e6 7. Qd2 a6 8. 0-0-0 Bd7 9. Kb1 Nxd4 10. Qxd4 Be7 11. f3 Qc7 12. Qd2 b5 13. g4 0-0 14. e5 dxe5 15. Bxf6 b4 16. Ne2 Bxf6 17. Qxd7 Qc5 18. Qd6 Qf2 19. Qc6 Rad8 20. Rxd8 Rxd8 21. Nc1 h5 22. gxh5 1-0

[Event "Hanoi op (Women)"]
[Site "Hanoi"]
[Date "2022.08.21"]
[Round "2"]
[White "Nguyen, Tran Ngoc Thuy"]
[Black "Nguyen, Thi Thanh An"]
[Result "0-1"]
[WhiteElo "1851"]
[BlackElo "2259"]
[PlyCount "67"]
[EventDate "2022.08.20"]
[EventType "swiss"]
[EventRounds "9"]
[EventCountry "VIE"]
[SourceTitle "CBM 209 Extra"]
[Source "ChessBase"]
[SourceDate "2022.09.30"]
[SourceVersion "1"]
[SourceVersionDate "2022.09.30"]
[SourceQuality "1"]

1. e4 c6 2. c4 d5 3. exd5 cxd5 4. cxd5 Nf6 5. Bb5+ Nbd7 6. Nc3 a6 7. Bxd7+ Qxd7 8. Qb3 Qg4 9. g3 g6 10. f3 Qf5 11. d4 Bg7 12. Bf4 0-0 13. Nge2 b5 14. g4 Qd7 15. a4 Bb7 16. axb5 Nxd5 17. Nxd5 Bxd5 18. Qe3 axb5 19. Rd1 Ra2 20. b3 Rb2 21. Nc1 Rc8 22. 0-0 Rcc2 23. Rfe1 h5 24. h3 hxg4 25. hxg4 Bf6 26. Be5 Rg2+ 27. Kf1 Bg5 28. f4 Rbf2+ 29. Qxf2 Rxf2+ 30. Kxf2 Bh4+ 31. Ke3 Bxe1 32. Rxe1 f6 33. Bb8 Qxg4 34. Nd3 0-1

[Event "Hanoi op (Women)"]
[Site "Hanoi"]
[Date "2022.08.20"]
[Round "1"]
[White "Nguyen, Thi Thanh An"]
[Black "Cao, Minh Trang"]
[Result "1-0"]
[WhiteElo "2259"]
[BlackElo "1776"]
[PlyCount "133"]
[EventDate "2022.08.20"]
[EventType "swiss"]
[EventRounds "9"]
[EventCountry "VIE"]
[SourceTitle "CBM 209 Extra"]
[Source "ChessBase"]
[SourceDate "2022.09.30"]
[SourceVersion "1"]
[SourceVersionDate "2022.09.30"]
[SourceQuality "1"]

1. d4 d5 2. c4 e6 3. Nc3 Nf6 4. Nf3 Be7 5. Bg5 h6 6. Bh4 0-0 7. e3 b6 8. cxd5 exd5 9. Rc1 Nbd7 10. Ne5 Bb7 11. Be2 c5 12. 0-0 Nxe5 13. dxe5 Ne4 14. Nxe4 dxe4 15. Qxd8 Bxd8 16. Bg3 Be7 17. Rfd1 Rfd8 18. Bc4 Rxd1+ 19. Rxd1 Rd8 20. Rxd8+ Bxd8 21. Kf1 Kf8 22. b3 Bc6 23. a4 Ke8 24. Ke2 f6 25. exf6 Bxf6 26. Bb8 a5 27. f4 Kd7 28. f5 Kc8 29. Bf4 h5 30. Bf7 h4 31. g4 hxg3 32. hxg3 b5 33. axb5 Bxb5+ 34. Kd2 Kd7 35. g4 a4 36. bxa4 Bxa4 37. g5 Ba1 38. Be6+ Kc6 39. f6 gxf6 40. g6 f5 41. Bh6 Kd6 42. Bc4 Be8 43. Bf8+ Kc6 44. g7 Bxg7 45. Bxg7 Kd6 46. Bh6 Ke5 47. Bf4+ Kf6 48. Bd6 Kg5 49. Be6 Kf6 50. Bc8 c4 51. Bf4 Bh5 52. Kc3 Be2 53. Ba6 Bf3 54. Bxc4 Bg4 55. Kd4 Bf3 56. Bc7 Bg4 57. Bd8+ Kg6 58. Ke5 Bf3 59. Bb5 Bg4 60. Be8+ Kg7 61. Bh4 Bh3 62. Kf4 Kh6 63. Be7 Bg4 64. Bf8+ Kh7 65. Kg5 Kg8 66. Bd6 Kg7 67. Bg6 1-0

[Event "Hanoi (Women) op 12"]
[Site "Hanoi"]
[Date "2022.??.??"]
[Round "2"]
[White "Nguyen, Thi Thanh An"]
[Black "Vo, Thi Thuy Tien"]
[Result "1/2-1/2"]
[WhiteElo "2259"]
[BlackElo "1745"]
[PlyCount "60"]
[EventDate "2022.12.11"]
[EventType "swiss"]
[EventRounds "9"]
[EventCountry "VIE"]
[SourceTitle "CBM 211 Extra"]
[Source "ChessBase"]
[SourceDate "2023.01.31"]
[SourceVersion "1"]
[SourceVersionDate "2023.01.31"]
[SourceQuality "1"]

1. d4 Nf6 2. c4 d6 3. Nc3 g6 4. e4 Bg7 5. f3 0-0 6. Bg5 Nbd7 7. Qd2 c5 8. d5 Nb8 9. Nge2 Na6 10. g4 Bd7 11. Ng3 Rb8 12. Be2 Nc7 13. Rc1 b5 14. b3 bxc4 15. bxc4 Qc8 16. Bh6 Nfe8 17. Bxg7 Kxg7 18. h4 h6 19. Qe3 e6 20. g5 h5 21. f4 exd5 22. cxd5 Bg4 23. f5 Bxe2 24. Ncxe2 Qa6 25. 0-0 Rg8 26. fxg6 fxg6 27. Qf3 Kh7 28. Nxh5 Qxa2 29. Nf6+ Nxf6 30. gxf6 Rbf8 1/2-1/2

[Event "Speed Chess (Women) Q5"]
[Site "Chess.com INT"]
[Date "2021.06.04"]
[Round "5"]
[White "Nguyen, Thi Thanh An"]
[Black "Grigoryan, Meri"]
[Result "0-1"]
[WhiteElo "2259"]
[BlackElo "2044"]
[PlyCount "52"]
[EventDate "2021.06.04"]
[EventType "swiss (blitz)"]
[EventRounds "9"]
[EventCountry "USA"]
[SourceTitle "CBM 202 Extra"]
[Source "ChessBase"]
[SourceDate "2021.07.31"]
[SourceVersion "1"]
[SourceVersionDate "2021.07.31"]
[SourceQuality "1"]

1. d4 d5 2. Bf4 Nf6 3. e3 e6 4. Nf3 Bd6 5. Ne5 0-0 6. Nd2 c5 7. c3 Nc6 8. Bd3 Qc7 9. Ndf3 Ne4 10. 0-0 f6 11. Nxc6 Bxf4 12. exf4 bxc6 13. g3 cxd4 14. cxd4 Rb8 15. Qc2 f5 16. Rfc1 Bb7 17. Ne5 Rfc8 18. f3 Nf6 19. Qa4 Qb6 20. Rc2 c5 21. Rac1 c4 22. Be2 Qxd4+ 23. Kg2 Qb6 24. b3 Bc6 25. Nxc6 Qxc6 26. bxc4 Qxa4 0-1

[Event "Speed Chess (Women) Q4"]
[Site "Chess.com INT"]
[Date "2021.06.03"]
[Round "9"]
[White "Nguyen, Thi Thanh An"]
[Black "Matveeva, Olga"]
[Result "0-1"]
[WhiteElo "2259"]
[BlackElo "2145"]
[PlyCount "70"]
[EventDate "2021.06.03"]
[EventType "swiss (blitz)"]
[EventRounds "13"]
[EventCountry "USA"]
[SourceTitle "CBM 202 Extra"]
[Source "ChessBase"]
[SourceDate "2021.07.31"]
[SourceVersion "1"]
[SourceVersionDate "2021.07.31"]
[SourceQuality "1"]

1. d4 Nf6 2. Nf3 e6 3. Bf4 d5 4. e3 c5 5. c3 Nc6 6. Bd3 Bd6 7. Nbd2 0-0 8. Ne5 Qc7 9. Ndf3 Ne4 10. Qc2 f5 11. 0-0 Bd7 12. Nxd7 Qxd7 13. Bxd6 Qxd6 14. Bb5 cxd4 15. exd4 Rac8 16. Bxc6 bxc6 17. Ne5 c5 18. Qd3 cxd4 19. cxd4 Rc7 20. f3 Nf6 21. Rfc1 Rfc8 22. Qd2 Qb6 23. Kf2 Rxc1 24. Rxc1 Rxc1 25. Qxc1 Qxd4+ 26. Kf1 Qxe5 27. Qc8+ Kf7 28. Qb7+ Kg6 29. Qxa7 Qxb2 30. a4 Qc1+ 31. Ke2 Qc2+ 32. Kf1 Qd3+ 33. Kf2 Qd2+ 34. Kf1 d4 35. a5 Nd5 0-1

[Event "Speed Chess (Women) Q4"]
[Site "Chess.com INT"]
[Date "2021.06.03"]
[Round "5"]
[White "Selkirk, Rebecca"]
[Black "Nguyen, Thi Thanh An"]
[Result "1-0"]
[WhiteElo "1799"]
[BlackElo "2259"]
[PlyCount "83"]
[EventDate "2021.06.03"]
[EventType "swiss (blitz)"]
[EventRounds "13"]
[EventCountry "USA"]
[SourceTitle "CBM 202 Extra"]
[Source "ChessBase"]
[SourceDate "2021.07.31"]
[SourceVersion "1"]
[SourceVersionDate "2021.07.31"]
[SourceQuality "1"]

1. e4 c6 2. d4 d5 3. exd5 cxd5 4. c4 Nf6 5. Nc3 Nc6 6. Bg5 Ne4 7. Nxe4 dxe4 8. d5 Ne5 9. Bf4 Ng6 10. Be3 e6 11. f3 exd5 12. cxd5 exf3 13. Nxf3 Bb4+ 14. Bd2 Bxd2+ 15. Qxd2 0-0 16. Be2 Qb6 17. Qd4 Rd8 18. 0-0-0 Bf5 19. b3 Rac8+ 20. Bc4 Qa5 21. Kb2 b5 22. Bd3 Bxd3 23. Qxd3 b4 24. Qe4 Qa3+ 25. Kb1 Re8 26. Qd4 Re2 27. Rd2 Rce8 28. Rhd1 h6 29. Rxe2 Rxe2 30. Rd2 Re8 31. d6 Qa5 32. d7 Rd8 33. Re2 Nf8 34. Re7 Qf5+ 35. Kb2 Rxd7 36. Rxd7 Qxd7 37. Qxd7 Nxd7 38. Nd4 a5 39. Nc6 a4 40. Nxb4 axb3 41. axb3 Nb6 42. Nc6 1-0

[Event "Speed Chess (Women) Q3"]
[Site "Chess.com INT"]
[Date "2021.05.30"]
[Round "12"]
[White "Nguyen, Thi Thanh An"]
[Black "Alboredo, Julia"]
[Result "0-1"]
[WhiteElo "2259"]
[BlackElo "2182"]
[PlyCount "44"]
[EventDate "2021.05.30"]
[EventType "swiss (blitz)"]
[EventRounds "21"]
[EventCountry "USA"]
[SourceTitle "CBM 202 Extra"]
[Source "ChessBase"]
[SourceDate "2021.07.31"]
[SourceVersion "1"]
[SourceVersionDate "2021.07.31"]
[SourceQuality "1"]

1. d4 Nf6 2. Bf4 d5 3. e3 e6 4. Nf3 c5 5. c3 Nc6 6. Nbd2 Qb6 7. Qb3 c4 8. Qc2 Qd8 9. Be2 Bd6 10. Ne5 0-0 11. Bg3 Qc7 12. f4 Ne8 13. 0-0 f6 14. Nef3 e5 15. fxe5 fxe5 16. Ng5 Nf6 17. dxe5 Bxe5 18. Bf4 g6 19. Bf3 Bf5 20. Qd1 Rad8 21. Be2 Kg7 22. g4 Bd3 0-1

[Event "Speed Chess (Women) Q3"]
[Site "Chess.com INT"]
[Date "2021.05.30"]
[Round "19"]
[White "Nguyen, Thi Thanh An"]
[Black "Kanyamarala, Trisha"]
[Result "0-1"]
[WhiteElo "2259"]
[BlackElo "2180"]
[PlyCount "52"]
[EventDate "2021.05.30"]
[EventType "swiss (blitz)"]
[EventRounds "21"]
[EventCountry "USA"]
[SourceTitle "CBM 202 Extra"]
[Source "ChessBase"]
[SourceDate "2021.07.31"]
[SourceVersion "1"]
[SourceVersionDate "2021.07.31"]
[SourceQuality "1"]

1. d4 Nf6 2. Bf4 d5 3. e3 e6 4. Nf3 c5 5. c3 Nc6 6. Nbd2 Bd6 7. Bg5 h6 8. Bh4 0-0 9. Bd3 Qe7 10. 0-0 e5 11. dxe5 Nxe5 12. Nxe5 Bxe5 13. Nf3 Bc7 14. h3 Be6 15. Bc2 Rfd8 16. Bxf6 Qxf6 17. Qd3 g6 18. Rfd1 Bxh3 19. Qb5 b6 20. gxh3 Qxf3 21. Qc6 Rac8 22. Qb7 Qxh3 23. Rxd5 Bh2+ 24. Kh1 Bg3+ 25. Kg1 Qh2+ 26. Kf1 Qxf2# 0-1

[Event "Speed Chess (Women) Q3"]
[Site "Chess.com INT"]
[Date "2021.05.30"]
[Round "3"]
[White "Nguyen, Thi Thanh An"]
[Black "Pandey, Srishti"]
[Result "1-0"]
[WhiteElo "2259"]
[BlackElo "2026"]
[PlyCount "151"]
[EventDate "2021.05.30"]
[EventType "swiss (blitz)"]
[EventRounds "21"]
[EventCountry "USA"]
[SourceTitle "CBM 202 Extra"]
[Source "ChessBase"]
[SourceDate "2021.07.31"]
[SourceVersion "1"]
[SourceVersionDate "2021.07.31"]
[SourceQuality "1"]

1. d4 Nf6 2. Bf4 c5 3. e3 cxd4 4. exd4 d5 5. c3 e6 6. Nd2 Bd6 7. Bg5 h6 8. Bh4 Nbd7 9. Bd3 0-0 10. Ngf3 Qc7 11. 0-0 a6 12. Qe2 b5 13. a3 Bb7 14. Rae1 Rfe8 15. Ne5 Bxe5 16. dxe5 Ne4 17. Nxe4 dxe4 18. Bxe4 Bxe4 19. Qxe4 Nc5 20. Qe3 Na4 21. Re2 Qc4 22. Bg3 Red8 23. Rfe1 Rd3 24. Qf4 Rad8 25. h3 Nc5 26. Qh4 Qxh4 27. Bxh4 Rd2 28. Bxd8 Rxd8 29. Kf1 Na4 30. Rc2 Rd5 31. f4 Rc5 32. Ke2 a5 33. Rd1 b4 34. axb4 axb4 35. Rd3 b3 36. Rcd2 Nb6 37. Rd8+ Kh7 38. R8d4 Ra5 39. Rb4 Nd5 40. Rxb3 Nxf4+ 41. Kf3 Ng6 42. Rb7 Nxe5+ 43. Kf2 Kg6 44. Re2 Nd3+ 45. Ke3 Nc5 46. Re7 Kf6 47. Rc7 Rb5 48. Rf2+ Kg6 49. Rcxf7 Rxb2 50. Kd4 Nb3+ 51. Kc4 Rxf2 52. Rxf2 Na5+ 53. Kb5 Nb7 54. c4 Nd8 55. Kc5 e5 56. Kd6 e4 57. Re2 Kf5 58. c5 Nf7+ 59. Kd5 Ne5 60. c6 Nxc6 61. Kxc6 Kf4 62. Kd5 g5 63. Kd4 h5 64. Rxe4+ Kf5 65. g4+ hxg4 66. hxg4+ Kf6 67. Kd5 Kg6 68. Re5 Kf6 69. Rf5+ Kg6 70. Ke5 Kh6 71. Ke6 Kg6 72. Ke7 Kh6 73. Kf6 Kh7 74. Rxg5 Kh8 75. Kf7 Kh7 76. Rh5# 1-0

[Event "Speed Chess (Women) Q3"]
[Site "Chess.com INT"]
[Date "2021.05.30"]
[Round "9"]
[White "Obregon Garcia, Roxangel"]
[Black "Nguyen, Thi Thanh An"]
[Result "0-1"]
[WhiteElo "2167"]
[BlackElo "2259"]
[PlyCount "60"]
[EventDate "2021.05.30"]
[EventType "swiss (blitz)"]
[EventRounds "21"]
[EventCountry "USA"]
[SourceTitle "CBM 202 Extra"]
[Source "ChessBase"]
[SourceDate "2021.07.31"]
[SourceVersion "1"]
[SourceVersionDate "2021.07.31"]
[SourceQuality "1"]

1. e4 c6 2. d4 d5 3. e5 c5 4. dxc5 Nc6 5. Bf4 e6 6. a3 Bxc5 7. Qg4 Bf8 8. Qg3 Nge7 9. Bd3 Ng6 10. Nf3 Qb6 11. Bd2 Qxb2 12. Bc3 Qc1+ 13. Ke2 Nf4+ 14. Qxf4 Qxf4 15. g3 Qa4 16. Nbd2 Bd7 17. Rab1 b6 18. Bb5 Qxa3 19. Nb3 Na5 20. Bxd7+ Kxd7 21. Nxa5 bxa5 22. Bd4 Bb4 23. c3 Bxc3 24. Rb7+ Kc6 25. Rhb1 Bxd4 26. Nxd4+ Kc5 27. f4 Kxd4 28. Rc7 Qe3+ 29. Kf1 Qd3+ 30. Kf2 Qxb1 0-1